Les meilleurs buteurs par saison en LDC depuis 1993 - Statistiques

Statistiques générales
  • Ce quiz a été pris 396 fois
  • Le résultat moyen est 24 sur 30
Statistiques - réponses
Saison : Buts : Nationalité du/des joueurs : Club(s) : Réponse : % Correct
2007/2008 8 Portugais Manchester United Cristiano Ronaldo
100%
2012/2013 12 Portugais Real Madrid Cristiano Ronaldo
100%
2013/2014 17 Portugais Real Madrid Cristiano Ronaldo
100%
2015/2016 16 Portugais Real Madrid Cristiano Ronaldo
100%
2016/2017 12 Portugais Real Madrid Cristiano Ronaldo
100%
2017/2018 15 Portugais Real Madrid Cristiano Ronaldo
100%
2014/2015 10 Portugais / Brésilien / Argentin Real Madrid / FC Barcelone / FC Barcelone Cristiano Ronaldo / Neymar / Lionel Messi
100%
2008/2009 9 Argentin FC Barcelone Lionel Messi
99%
2009/2010 8 Argentin FC Barcelone Lionel Messi
99%
2010/2011 12 Argentin FC Barcelone Lionel Messi
99%
2011/2012 14 Argentin FC Barcelone Lionel Messi
99%
2018/2019 12 Argentin FC Barcelone Lionel Messi
99%
2020/2021 10 Norvégien Borussia Dortmund Erling Haaland
98%
2021/2022 15 Français Real Madrid Karim Benzema
98%
2019/2020 15 Polonais Bayern Munich Robert Lewandowski
96%
1999/2000 10 Brésilien / Brésilien / Espagnol FC Porto / FC Barcelone / Real Madrid Mario Jardel / Rivaldo / Raul
86%
2005/2006 9 Ukrainien AC Milan Andriy Shevchenko
85%
1998/1999 8 Trinidadien / Ukrainien Manchester United / Dynamo Kiev Dwight Yorke / Andriy Shevchenko
85%
2006/2007 10 Brésilien AC Milan Kaka
85%
2000/2001 7 Espagnol Real Madrid Raul
84%
1994/1995 7 Libérien Paris Saint-Germain George Weah
79%
2001/2002 10 Néerlendais Manchester United Ruud van Nistelrooy
77%
2002/2003 12 Néerlendais Manchester United Ruud van Nistelrooy
77%
2004/2005 8 Néerlendais Manchester United Ruud van Nistelrooy
77%
1997/1998 10 Italien Juventus Alessandro Del Piero
68%
2003/2004 9 Espagnol AS Monaco Fernando Morientes
48%
1995/1996 9 Finlandais Ajax Amsterdam Jari Litmanen
43%
1992/1993 7 Brésilien PSV Eindhoven Romario
31%
1993/1994 8 Néo-zélandais / Néerlendais Werder Brême / FC Barcelone Wynton Ruffer / Ronald Koeman
25%
1996/1997 5 Yougoslave Atlético Madrid Milinko Pantic
4%
Aucun quiz correspondant
Distribution des résultats
% des personnes avec chaque résultat
Percentile par nombre de réponses
Votre historique - résultats
Vous n’avez pas pris ce quiz